000 00679cam a22002411 4500
001 7524599
003 GBCCL
005 20241126110341.0
008 770624s1965 xx 000 0 eng
010 _a 65021199
035 _a(OCoLC)3068443
040 _aDLC
_cOC
_dDLC
042 _apremarc
050 0 0 _aLA2303
_b.D6
082 _a207.5
_bDOB
100 1 _aDobbins, Gaines S.
_q(Gaines Stanley),
_d1886-1978.
245 1 0 _aGreat teachers make a difference
_c[by] Gaines S. Dobbins.
260 _aNashville,
_bBroadman Press
_c[1965]
300 _a123 p.
_c20 cm.
650 0 _aEducators, American.
906 _a7
_bcbc
_coclcrpl
_du
_encip
_f19
_gy-gencatlg
942 _2ddc
_cBK
999 _c573
_d573